00529 2200193 4500001002100000005001500021035002000036007000300056008004100059020001800100082001000118084001600128100001800144245005900162260004500221300002400266600002400290990002100314INLIS00000000000033820220530090531 a0010-0522000038ta220530 0 ind  a9786021143414 a155.2 a155.2 HEV p0 aHevi Saviyani1 aPendidikan karakter bangsa 13 : bersahabt / komnikatif aJakarta :bMustika Pustaka Negeri,c2017 a80 :bilus ;c29 cm 4apendidikan karakter a313/smpn7/sby/18